000 01232cam a2200337 i 4500
001 25555
003 Mx-PuUPA
005 20251011101546.0
008 140415s2000 mx fr 000 0 spa d
020 _a9684762135
040 _aMx-PuUPA
_bspa
_cMx-PuUPA
_dMx-PuUPA
_erda
041 1 _aspa
_hund
100 1 _aKierkegaard, Søren,
_d1813-1855
_eautor
_9221
245 1 0 _aTemor y temblor /
_cSören A. Kierkegaard ; traducción, introducción y notas, Vicente Simón Merchán
250 _aQuinta edición
264 1 _aMéxico, D.F. :
_bDistribuciones Fontamara,
_c2000
300 _a212 páginas ;
_c22 cm
336 _2rdacontent
_atexto
_btxt
337 _2rdamedia
_asin medio
_bn
338 _2rdacarrier
_avolumen
_bnc
490 0 _aColección Doctrina Jurídica Contemporánea
490 0 _aFontamara ;
_v153
650 7 _2armarc
_aCristianismo
_xFilosofía
650 7 _2armarc
_aCristianismo
_vDiscursos, ensayos, conferencias
650 7 _2armarc
_aPecado
700 1 _aSimón Menchán, Vicente,
_etraductor
942 _2ddc
_cLI
_h222.110601
_iK4718
999 _c25555
_d25555